Report of the study team on prohibition , Vol-II (Record no. 1447243)

MARC details
000 -LEADER
fixed length control field 00545nam a2200157Ia 4500
005 - DATE AND TIME OF LATEST TRANSACTION
control field 20250923145118.0
008 - FIXED-LENGTH DATA ELEMENTS--GENERAL INFORMATION
fixed length control field 008 250917s9999 xx 000 0 eng d
037 ## - SOURCE OF ACQUISITION
Stock number Textual
040 ## - CATALOGING SOURCE
Original cataloging agency DSWL
Language of cataloging eng
Transcribing agency DSWL
041 ## - LANGUAGE CODE
Language code of text/sound track or separate title eng
Source of code eng
084 ## - COLON CLASSIFICATION NUMBER
Classification number Y:411(Z,95984)'N6st, N65
Assigning agency DSWL
245 #0 - TITLE STATEMENT
Title Report of the study team on prohibition , Vol-II
Statement of responsibility, etc. by Planning Commission, India
260 ## - PUBLICATION, DISTRIBUTION, ETC.
Place of publication, distribution, etc. New Delhi
Name of publisher, distributor, etc. Govt of India, Planning Commission,
Date of publication, distribution, etc. 1964
942 ## - ADDED ENTRY ELEMENTS (KOHA)
Koha item type Textual
Classification part Y:411(Z,95984)'N6st, N65
Holdings
Withdrawn status Lost status Damaged status Not for loan Home library Current library Date acquired Inventory number Total Checkouts Full call number Barcode Date last seen Price effective from Koha item type
        Department of Social Work Library Department of Social Work Library 2025-09-23 Gift 20/03/1968   Y:411(Z,95984)'N6st, N65 SW0012844 2025-09-23 2025-09-23 Textual
Copyright @ Delhi University Library System